logo

Bir Sreshtho Munshi Abdur Rouf Library
Jhenaidah Cadet College

Little men / (Record no. 3626)

MARC details
000 -LEADER
fixed length control field 00642nam a22002412a 4500
001 - CONTROL NUMBER
JCCL Control Number 3626
003 - CONTROL NUMBER IDENTIFIER
JCCL marc code BD-JhCC
005 - DATE AND TIME OF LATEST TRANSACTION
control field 20171115182108.0
008 - FIXED-LENGTH DATA ELEMENTS--GENERAL INFORMATION
fixed length control field 500101b wiuac j 000 1 eng d
035 ## - SYSTEM CONTROL NUMBER
system control number (BDJhCC)3626
040 ## - CATALOGING SOURCE
Original cataloging agency DLC
Transcribing agency TXA
Modifying agency TXA
-- BD-JhCC
041 ## - LANGUAGE CODE
Language code of Book eng
050 #0 - LIBRARY OF CONGRESS CALL NUMBER
Classification number PZ7.A335
Item number L40
082 ## - DEWEY DECIMAL CLASSIFICATION NUMBER
Classification number 813.4
Author mark and Year ALC 1940
100 1# - MAIN ENTRY--PERSONAL NAME
Personal name Alcott, Louisa May
Dates associated with a name 1832-1888.
245 10 - TITLE STATEMENT
Title Little men /
Statement of responsibility, etc Louisa May Alcott
260 ## - PUBLICATION, DISTRIBUTION, ETC. (IMPRINT)
Place of publication, distribution, etc Racine, Wis :
Name of publisher, distributor, etc Whitman Publishing Co,
300 ## - PHYSICAL DESCRIPTION
Pagination 282 p. :
Other physical details ill. ;
Dimensions 19 cm.
500 ## - GENERAL NOTE
General note Illustrated t.-p. and lining-papers
650 ## - SUBJECT ADDED ENTRY--TOPICAL TERM
Topical term or geographic name as entry element English Fiction
942 ## - ADDED ENTRY ELEMENTS (KOHA)
Source of classification or shelving scheme Dewey Decimal Classification
Koha item type Books
Holdings
Source of classification or shelving scheme Damaged status Not for loan Home library Current library Shelving location Date of accession Total Checkouts Full call number Barcode Date last seen Copy number Koha item type
Dewey Decimal Classification     JCC Rouf Library JCC Rouf Library General Stacks 11/15/2017   813.4 ALC 1940 3992 11/15/2017 C-1 Books
Dewey Decimal Classification     JCC Rouf Library JCC Rouf Library General Stacks     813.4 ALC 1940 8992 01/25/2018 C - 2 Books

JCC Library | Contacts | JCC Home

Last Update on 23 September 2017
Copyright @ 2017-2020 JCC Rouf Library
Rouf Library, Jhenidah Cadet College (JCC), Bangladesh